Alle Länder des Deutschen Kaiserreichs - Statistiken

Allgemein
  • Dieses Quiz wurde 47 mal gespielt
  • Das Durchschnittsergebnis liegt bei 8 aus 10
Antwortstatistiken
Antwort % Korrekt
Deutschland
93%
Polen
93%
Belgien
90%
Dänemark
88%
Frankreich
88%
Niederlande
81%
Tschechien
81%
Luxemburg
76%
Litauen
69%
Russland
62%
Keine übereinstimmenden Quizze gefunden
Verteilung der Resultate
Anzahl Personen mit jedem Resultat
Perzentil nach korrekt beantworteten Fragen
Ihre Resultats-Entwicklung
Sie haben dieses Quiz noch nicht gespielt